书目信息 |
| 题名: |
顺丰传
|
|
| 作者: | 孟凡华 著 | |
| 分册: | ||
| 出版信息: | 北京 中国华侨出版社 2020.05 |
|
| 页数: | 196页 | |
| 开本: | 24cm | |
| 丛书名: | ||
| 单 册: | ||
| 中图分类: | F632.3 | |
| 科图分类: | ||
| 主题词: | 邮件投递--you jian tou di--邮电企业--企业管理--经验--中国 | |
| 电子资源: | ||
| ISBN: | 978-7-5113-8157-6 | |
| 000 | 01049nam0 2200265 450 | |
| 001 | CAL 0120202997657 | |
| 005 | 20230217093112.0 | |
| 010 | @a978-7-5113-8157-6@dCNY45.00 | |
| 100 | @a20200630d2020 em y0chiy0120 ea | |
| 101 | 0 | @achi |
| 102 | @aCN@b110000 | |
| 105 | @ay z 000yy | |
| 106 | @ar | |
| 200 | 1 | @a顺丰传@Ashun feng zhuan@e如何在逆境中顺势而为@f孟凡华著 |
| 210 | @a北京@c中国华侨出版社@d2020.05 | |
| 215 | @a196页@d24cm | |
| 300 | @a磨铁 | |
| 314 | @a孟凡华, 在校时主修汉语言文学, 毕业后做过编辑、记者, 现供职于某杂志社。 | |
| 330 | @a顺丰是一家有口皆碑的企业, 在快递领域, 提起顺丰可谓无人不知。这家以运送速度高、服务质量好著称的企业, 很自然地引起了人们的注意。本书较为全面地阐释了顺丰发展之路及其创始人王卫的创业历程, 并辅以行业背景介绍。 | |
| 517 | 1 | @a如何在逆境中顺势而为@Aru he zai ni jing zhong shun shi er wei |
| 606 | 0 | @a邮件投递@Ayou jian tou di@x邮电企业@x企业管理@x经验@y中国 |
| 690 | @aF632.3@v5 | |
| 701 | 0 | @a孟凡华@Ameng fan hua@4著 |
| 801 | 0 | @aCN@bBJXHZP@c20230228 |
| 905 | @b1387470-3@dF632.3@e24@f4 | |
| 顺丰传:如何在逆境中顺势而为/孟凡华著.-北京:中国华侨出版社,2020.05 |
| 196页;24cm |
| 磨铁 |
| ISBN 978-7-5113-8157-6:CNY45.00 |
| 顺丰是一家有口皆碑的企业, 在快递领域, 提起顺丰可谓无人不知。这家以运送速度高、服务质量好著称的企业, 很自然地引起了人们的注意。本书较为全面地阐释了顺丰发展之路及其创始人王卫的创业历程, 并辅以行业背景介绍。 |
| ● |
| 相关链接 |
|
|
|
|
正题名:顺丰传
索取号:F632.3/24
 
预约/预借
| 序号 | 登录号 | 条形码 | 馆藏地/架位号 | 状态 | 备注 |
| 1 | 1387470 | 213874707 | 第一样本阅览室/ [索取号:F632.3/24] | 在馆 | |
| 2 | 1387471 | 213874716 | 第一借阅区/ [索取号:F632.3/24] | 在馆 | |
| 3 | 1387472 | 213874725 | 第一借阅区/ [索取号:F632.3/24] | 在馆 | |
| 4 | 1387473 | 213874734 | 第一借阅区/ [索取号:F632.3/24] | 在馆 |